Es el Derecho interpretación?: Derecho, interpretación y convencionalismo
Guardat en:
| Autors principals: | , |
|---|---|
| Format: | Llibre |
| Idioma: | espanyol |
| Publicat: |
Cuernavaca
Derecho Global Editores S.A
2018
|
| Edició: | 1a. ed |
| Col·lecció: | Colección Pensamiento Jurídico y Teoría Constitucional, 2
|
| Matèries: | |
| Etiquetes: |
Afegir etiqueta
Sense etiquetes, Sigues el primer a etiquetar aquest registre!
|
MARC
| LEADER | 00000cam a2200000 a 4500 | ||
|---|---|---|---|
| 001 | UCC8332 | ||
| 003 | CL-VaPUC | ||
| 008 | 190621e20180000mx |||||||||||||||||spa|d | ||
| 020 | |a 9786079814809 | ||
| 082 | 0 | 4 | |a 340.1 |b CAN |2 21 |
| 100 | 0 | |a Canale, Damiano |e author |9 603003 | |
| 700 | 0 | |a Tuzet, Giovanni |e author |9 603004 | |
| 245 | 1 | 0 | |a Es el Derecho interpretación?: Derecho, interpretación y convencionalismo |
| 250 | |a 1a. ed | ||
| 300 | |a 350 p | ||
| 942 | |c BK | ||
| 945 | |d 20190621 12:31:00 |a dcastane | ||
| 260 | |a Cuernavaca |b Derecho Global Editores S.A |c 2018 | ||
| 650 | 0 | |a Filosofía del derecho |9 255050 | |
| 650 | 0 | |a Interpretación jurídica |9 380837 | |
| 583 | |a last modification |c 20190621 12:31:00 |k Rodrigo Vera | ||
| 490 | 0 | |a Colección Pensamiento Jurídico y Teoría Constitucional, 2 | |
| 999 | |c 374678 |d 374676 | ||
| 952 | |0 0 |1 0 |3 erb |4 0 |6 340_100000000000000_CAN_2018 |7 0 |8 A |9 493352 |a BIBDER |b BIBDER |i 5553199 |o 340.1 CAN 2018 |p 5553199 |r 2023-01-25 |w 2019-11-24 |y BK |z Catalogado en:20190621 |k DER | ||